| 000 | 00000cam 2200000zi 4500 |
| 001 | 9.909871 |
| 003 | CaOODSP |
| 005 | 20260514080346 |
| 006 | m o d f |
| 007 | cr mn||||||||| |
| 008 | 220405t20222022onc obu f000 0 fre d |
| 040 | |aCaOODSP|bfre|erda|cCaOODSP |
| 043 | |an-cn--- |
| 086 | 1 |aP29-043-123-2022F-PDF |
| 245 | 00|aBombes aérosol et cartouches à gaz pour le transport de marchandises dangereuses. |
| 250 | |aQuatrième édition. |
| 264 | 1|aOttawa (Ontario) : |bOffice des normes générales du Canada = Canadian General Standards Board, |bConseil canadien des normes = Standards Council of Canada, |c2022. |
| 264 | 4|c©2022 |
| 300 | |a1 ressource en ligne (i, 20 pages). |
| 336 | |atexte|btxt|2rdacontent/fre |
| 337 | |ainformatique|bc|2rdamedia/fre |
| 338 | |aressource en ligne|bcr|2rdacarrier/fre |
| 490 | 1 |aNorme nationale du Canada ; |vCAN/CGSB-43.123-2022 |
| 500 | |a« Rectificatif no 1, juin 2022. » |
| 500 | |a« Remplace CAN/CGSB-43.123-2017. » |
| 500 | |aPublié aussi en anglais sous le titre : Aerosol containers and gas cartridges for transport of dangerous goods. |
| 500 | |a«Le Conseil canadien des normes a accordé une prolongation de deux ans de la date limite de mise à jour de cette norme, la repoussant du 5 avril 2027 au 5 avril 2029» -- Énoncé fourni par l’Office des normes générales du Canada (2026-05-13). |
| 504 | |aComprend des références bibliographiques (page 20). |
| 520 | |a« La présente norme définit les exigences relatives à la conception, à la fabrication, aux essais et à l'inspection de contenants non rechargeables ayant une capacité d'au plus 1 L, de même qu'à leur sélection et à leur utilisation pour la manutention, la demande de transport et le transport d'aérosols UN1950 et de cartouches à gaz UN2037 au Canada » -- Objet, page 1. |
| 650 | 6|aConditionnement sous pression|xNormes|zCanada. |
| 650 | 6|aSubstances dangereuses|xTransport|xNormes|zCanada. |
| 710 | 2 |aOffice des normes générales du Canada, |eorganisme de publication. |
| 710 | 2 |aConseil canadien des normes, |eorganisme de publication. |
| 775 | 08|tAerosol containers and gas cartridges for transport of dangerous goods.|w(CaOODSP)9.909864 |
| 795 | |tBombes aérosol et cartouches à gaz pour le transport de marchandises dangereuses |b2017|w(CaOODSP)9.839841 |
| 830 | #0|aNorme nationale du Canada ;|vCAN/CGSB-43.123-2022.|w(CaOODSP)9.504227 |
| 856 | 40|qPDF|s1.13 Mo|uhttps://publications.gc.ca/collections/collection_2022/ongc-cgsb/P29-043-123-2022-fra.pdf |
| 986 | |aICS 55.020, 55.130 |